Hodnotenie akosti guľatiny a reziva

Bibliographic Details
Main Authors: Šúriková, Anna, 1945- (Author), Detvaj, Juraj, 1948- (Author)
Format: Article
Language:Slovak
PhysicalDescription:Obr. 7, tab. 1, lit. 2 zázn. v slov.
ISBN:8022802247
Subjects:

MARC

LEADER 00000nab a2200000 a 4500
001 vtls000476237
003 SK-MaSNL
005 20260303215057.0
008 120927c1993 xo 0 slo
015 |a SNBRA19rr/mm-uuuuu 
035 |a CL0476371 
040 |a SNKBUCL  |b slo  |c SNKBUCL  |e AACR2 
041 0 |a slo 
044 |a xo  |c SK 
080 |a 674-4  |2 1981 
100 1 |a Šúriková, Anna,  |d 1945-  |4 aut  |9 112051 
245 1 0 |a Hodnotenie akosti guľatiny a reziva  |c Anna Šúriková, Juraj Detvaj 
300 |b Obr. 7, tab. 1, lit. 2 zázn. v slov. 
650 0 7 |a guľatina  |2 snkbucl  |9 58793 
650 0 7 |a rezivo  |2 snkbucl  |9 322325 
655 7 |a články zo zborníkov  |2 snkbucl  |9 166140 
700 1 |a Detvaj, Juraj,  |d 1948-  |4 aut  |9 99738 
773 0 |t Sušenie dreva v malovýrobe  |d Zvolen : Technická univerzita, 1993  |g S. 15-27  |z 8022802247 
850 |a Slovenská národná knižnica v Martine  |a MTA001 
852 |a SNK  |b KIS3GCP 
958 |a RK 
992 |a RZB 
999 |c 2220008  |d 2221938